MARC details
| 000 -LÍDER |
| campo de controle de tamanho fixo |
02086naa a22004697a 4500 |
| 001 - NÚMERO DE CONTROLE |
| campo de controle |
BR8500943 |
| 003 - IDENTIFICADOR DO NÚMERO DE CONTROLE |
| campo de controle |
BR-BrBNA |
| 005 - DATA E HORÁRIO DA ÚLTIMA TRANSAÇÃO |
| campo de controle |
20240918175524.0 |
| 007 - CAMPO FIXO DE DESCRIÇÃO FÍSICA--INFORMAÇÃO GERAL |
| campo de controle de tamanho fixo |
ta |
| 008 - CAMPO DE DADOS FIXOS--INFORMAÇÃO GERAL |
| campo de controle de tamanho fixo |
230509b bl.||||| |||| 00| 0 por d |
| 040 ## - FONTE DA CATALOGAÇÃO |
| Instituição da catalogação original |
BR-BrBNA |
| Idioma da catalogação |
por |
| Instituição que transcreveu o registro |
Biblioteca Nacional de Agricultura |
| 041 ## - CÓDIGO DE IDIOMA |
| Código do idioma do texto/trilha sonora ou título diferente |
(Pt) |
| 072 ## - CÓDIGO DE CATEGORIA DE ASSUNTO |
| Código de Categoria de Assunto |
F60 |
| Código do objeto |
1190 |
| -- |
3801 |
| -- |
3866 |
| -- |
G514 |
| 090 ## - NÚMERO DE CHAMADA LOCAL |
| Número de chamada |
F60 BR8500943 |
| 100 1# - ENTRADA PRINCIPAL--NOME PESSOAL |
| Nome pessoal |
Silva, A.Q. da |
| 100 1# - ENTRADA PRINCIPAL--NOME PESSOAL |
| Nome pessoal |
Silva, H. |
| 100 1# - ENTRADA PRINCIPAL--NOME PESSOAL |
| Nome pessoal |
Nobrega, J.P. da |
| 100 1# - ENTRADA PRINCIPAL--NOME PESSOAL |
| Nome pessoal |
Malavolta, E. |
| 111 1# - ENTRADA PRINCIPAL--NOME DO EVENTO |
| Nome do evento ou lugar |
7. Congresso Brasileiro de Fruticultura |
| Local do evento |
Florianopolis, SC (Brazil) |
| Data do evento ou assinatura do tratado |
26-30 Sep 1983 |
| 245 1# - TÍTULO |
| Título |
Conteudo de nutrientes por ocasiao da colheita em diversas frutas da regiao Nordeste [Spondias lutea, caja, Averrhoa carambola, carambola, Genipa americana, genipapo, Annona muricata, graviola, Myrciaria cauliflora, jaboticaba, Jambosa bulgaris, jambo, Hancornia speciosa, mangaba, macroelemento, microelemento, Brasil] |
| 246 1# - FORMA VARIANTE DO TÍTULO |
| Título/título abreviado |
Nutrient content at the moment of Harvest in various fruits native to the Northeast [Spondias lutea, Hog plum, Averrhoa carambola, carambola, Genipa americana, genipap, Annona muricata, soursop, Hyrciaria cauliflora, jaboticaba, Jambosa bulgaris, jambo, Hancornia speciosa, mangabeira, macroelement, microelement, Brazil] |
| 246 1# - FORMA VARIANTE DO TÍTULO |
| Título/título abreviado |
[Proceedings of the 7. Brazilian Congress on Fruit Crops] |
| 260 3# - PUBLICAÇÃO, DISTRIBUIÇÃO, ETC. |
| Local de publicação, distribuição, etc. |
Florianopolis, SC (Brasil): |
| Data da publicação, distribuição, etc. |
1984. |
| 500 ## - NOTA GERAL |
| Nota geral |
Anais do 7. Congresso Brasileiro de Fruticultura<br/>Florianopolis, SC (Brasil): 1984. v. 1 p. 326-340<br/>(BR8500943-AM)F60<br/> |
| 650 ## - ASSUNTO--TERMO TÓPICO |
| Cabeçalho tópico ou nome geográfico |
CAJA |
| 650 ## - ASSUNTO--TERMO TÓPICO |
| Cabeçalho tópico ou nome geográfico |
CARAMBOLA |
| 650 ## - ASSUNTO--TERMO TÓPICO |
| Cabeçalho tópico ou nome geográfico |
JENIPAPO |
| 650 ## - ASSUNTO--TERMO TÓPICO |
| Cabeçalho tópico ou nome geográfico |
GRAVIOLA |
| 650 ## - ASSUNTO--TERMO TÓPICO |
| Cabeçalho tópico ou nome geográfico |
JABUTICABA |
| 650 ## - ASSUNTO--TERMO TÓPICO |
| Cabeçalho tópico ou nome geográfico |
JAMBO |
| 650 ## - ASSUNTO--TERMO TÓPICO |
| Cabeçalho tópico ou nome geográfico |
MANGABA |
| 650 ## - ASSUNTO--TERMO TÓPICO |
| Cabeçalho tópico ou nome geográfico |
FRUTA TROPICAL |
| 650 ## - ASSUNTO--TERMO TÓPICO |
| Cabeçalho tópico ou nome geográfico |
NUTRIENTE |
| 650 ## - ASSUNTO--TERMO TÓPICO |
| Cabeçalho tópico ou nome geográfico |
MINERAL |
| 650 ## - ASSUNTO--TERMO TÓPICO |
| Cabeçalho tópico ou nome geográfico |
MACROELEMENTO |
| 650 ## - ASSUNTO--TERMO TÓPICO |
| Cabeçalho tópico ou nome geográfico |
MICROELEMENTO |
| 650 ## - ASSUNTO--TERMO TÓPICO |
| Cabeçalho tópico ou nome geográfico |
ANALISE QUIMICA |
| 650 ## - ASSUNTO--TERMO TÓPICO |
| Cabeçalho tópico ou nome geográfico |
REGIAO NORDESTE |
| 773 0# - ENTRADA ANALÍTICA |
| Título |
Anais do 7. Congresso Brasileiro de Fruticultura |
| Número de controle do registro |
F60 BR8500943 |
| Partes relacionadas |
Florianopolis, SC (Brasil), 1984. v. 1 p. 326-340 |
| 909 ## - |
| -- |
202404 |
| -- |
Lucia |
| -- |
55 |
| -- |
Lucia Elande |
| 942 ## - ELEMENTOS DE ENTRADA ADICIONADOS (KOHA) |
| Tipo de material Koha |
Capítulo-Livro |
| Fonte da classificação ou esquema de arquivamento na estante |
Classificação AGRIS |